| 000 | 00380nam a2200109Ia 4500 | ||
|---|---|---|---|
| 008 | 160909s9999 xx 000 0 und d | ||
| 100 | _aFraley, Timothy E. | ||
| 245 | _aTransitioning Novice Nurses to Expert Nurses in Progressive Telemetry Care | ||
| 260 |
_bGardner-Webb University. _c2016 |
||
| 650 | _aNursing | ||
| 856 | _uhttp://pqdtopen.proquest.com/doc/1804413302.html?FMT=ABS | ||
| 999 |
_c303879 _d303879 |
||